[Event "COL-ch U2000"]
[Site "Pereira"]
[Date "2019.03.23"]
[Round "5"]
[White "Sanchez Escobar, Nelson"]
[Black "Celis Vargas, Walter Enrique"]
[Result "0-1"]
[WhiteElo "1709"]
[BlackElo "1709"]
[PlyCount "70"]
[EventDate "2019.03.21"]
[EventType "swiss"]
[EventRounds "9"]
[EventCountry "COL"]
[SourceTitle "CBM 189 Extra"]
[Source "ChessBase"]
[SourceDate "2019.06.03"]
[SourceVersion "1"]
[SourceVersionDate "2019.06.03"]
[SourceQuality "1"]

1. e4 e6 2. f4 d5 3. e5 c5 4. Nf3 Nc6 5. c3 Qb6 6. b3 Nge7 7. Bd3 Ng6 8. g3 Bd7 9. Bc2 Be7 10. d4 cxd4 11. Nxd4 Bc5 12. Be3 Nxd4 13. Bxd4 Bxd4 14. Qxd4 Qxd4 15. cxd4 Ne7 16. 0-0 Rc8 17. Na3 0-0 18. Rac1 Nc6 19. Rfd1 Nb4 20. Kf2 Nxa2 21. Ra1 Nb4 22. Bb1 a6 23. Rd2 Rc3 24. Rb2 Rfc8 25. Ke2 g6 26. g4 Rh3 27. Kf1 Nd3 28. Bxd3 Rxd3 29. Ke2 Rxd4 30. Rc2 Rxc2+ 31. Nxc2 Rxf4 32. h3 Re4+ 33. Kd3 Bb5+ 34. Kc3 Rxe5 35. Kd4 Re2 0-1